<?xml version="1.0" encoding="UTF-8"?><?xml-stylesheet type="text/xsl" href="static/style.xsl"?><OAI-PMH xmlns="http://www.openarchives.org/OAI/2.0/" xmlns:xsi="http://www.w3.org/2001/XMLSchema-instance" xsi:schemaLocation="http://www.openarchives.org/OAI/2.0/ http://www.openarchives.org/OAI/2.0/OAI-PMH.xsd"><responseDate>2026-04-14T04:21:42Z</responseDate><request verb="GetRecord" identifier="oai:www.recercat.cat:2072/419368" metadataPrefix="marc">https://recercat.cat/oai/request</request><GetRecord><record><header><identifier>oai:recercat.cat:2072/419368</identifier><datestamp>2024-10-29T16:23:49Z</datestamp><setSpec>com_2072_98</setSpec><setSpec>col_2072_378196</setSpec></header><metadata><record xmlns="http://www.loc.gov/MARC21/slim" xmlns:dcterms="http://purl.org/dc/terms/" xmlns:xsi="http://www.w3.org/2001/XMLSchema-instance" xmlns:doc="http://www.lyncode.com/xoai" xsi:schemaLocation="http://www.loc.gov/MARC21/slim http://www.loc.gov/standards/marcxml/schema/MARC21slim.xsd">
   <leader>00925njm 22002777a 4500</leader>
   <datafield ind2=" " ind1=" " tag="042">
      <subfield code="a">dc</subfield>
   </datafield>
   <datafield ind2=" " ind1=" " tag="720">
      <subfield code="a">Muñoz Brunet, Maria Asunción</subfield>
      <subfield code="e">author</subfield>
   </datafield>
   <datafield ind2=" " ind1=" " tag="720">
      <subfield code="a">Universitat Autònoma de Barcelona. Departament de Ciència Política i de Dret Públic</subfield>
      <subfield code="e">author</subfield>
   </datafield>
   <datafield ind2=" " ind1=" " tag="260">
      <subfield code="c">2009</subfield>
   </datafield>
   <datafield ind2=" " ind1=" " tag="520">
      <subfield code="a">La presente tesina desarrolla de forma resumida la evolución histórica y legal sobre la libertad condicional en España, desde los Presidios del norte de África hasta nuestros días. Se tienen en cuenta las últimas reformas de la Ley orgánica 7/2003, de 30 de junio, de medidas de reforma para el cumplimiento íntegro y efectivo de las penas, así como su repercusión en la concesión de la libertad condicional. Se destacan como puntos más importantes: La doctrina Parot establecida por el Tribunal Supremo en cuanto a aplicación de la redención de penas por trabajo a los condenados por el Código penal de 1973, y la introducción de expulsión del interno extranjero residente ilegal en nuestro país a la llegada de las 3/4 partes de la condena.</subfield>
   </datafield>
   <datafield tag="653" ind2=" " ind1=" ">
      <subfield code="a">Llibertat condicional Història Espanya</subfield>
   </datafield>
   <datafield ind2="0" ind1="0" tag="245">
      <subfield code="a">Evolución histórica y legislativa de la libertad condicional en España</subfield>
   </datafield>
</record></metadata></record></GetRecord></OAI-PMH>